[Event "Moscow Tal Memorial 6th"]
[Site "Moscow"]
[Date "2011.11.24"]
[Round "8"]
[White "Anand, Viswanathan"]
[Black "Nakamura, Hikaru"]
[Result "1/2-1/2"]
[WhiteElo "2811"]
[BlackElo "2758"]
[Annotator "Krasenkow,M"]
[PlyCount "66"]
[EventDate "2011.11.16"]
[EventType "tourn"]
[EventRounds "9"]
[EventCountry "RUS"]
[EventCategory "22"]
[SourceTitle "CBM 146"]
[Source "ChessBase"]
[SourceDate "2012.01.18"]
[SourceVersion "1"]
[SourceVersionDate "2012.01.18"]
[SourceQuality "1"]

1. d4 Nf6 2. c4 g6 3. Nc3 Bg7 4. e4 d6 5. Nge2 O-O 6. f3 c5 7. d5 e6 8. Ng3 a6
9. a4 h5 {This looks a bit too early.} 10. Bg5 exd5 11. cxd5 Qc7 {[%cal Yf6h7]}
(11... Nbd7 $144 12. Be2 Qc7 13. Qd2) 12. Qd2 Nbd7 13. Be2 Rb8 (13... Re8 {
is the main theoretical line.} 14. O-O Nh7 (14... Nf8 15. Rac1 N8h7 16. Be3 Qe7
17. Nh1 Bd7 18. Nf2 Reb8 19. Nd3 Ne8 20. b4 c4 21. Ne1 b5 22. axb5 (22. Nc2
$142) 22... axb5 23. Nc2 Nc7 24. Ra1 f5 25. Nd4 fxe4 26. fxe4 Nf6 27. Bf3 Qe5
$132 {0-1 Gallagher,J (2509)-Huschenbeth,N (2279)/Dresden 2007/CBM 118 (34)}) (
14... Rb8 {[%cal Yc5c4,Yb7b5]} 15. Rfc1 Nh7 16. Bh6 Bh8 17. Rab1 Ne5 18. Be3 h4
19. Nh1 f5 20. Nf2 Qa5 21. b4 cxb4 22. Na2 fxe4 23. f4 Nd3 24. Nxd3 exd3 25.
Bxd3 Bf5 26. Rxb4 b5 $13 {1/2 Jussupow,A (2665)-Kotronias,V (2615)/Germany
1996/GER-chT (90)}) 15. Bh6 (15. Be3 $5 f5 16. Rad1 h4 17. Nh1 fxe4 18. Nxe4
Ndf6 19. Nhf2 Nxe4 20. Nxe4 Nf6 21. Nc3 Qa5 (21... h3 $5) 22. Bd3 Bf5 23. Bxf5
gxf5 24. Bh6 Qc7 25. Kh1 Re5 26. Bf4 Re7 27. Qf2 $16 {1-0 Svetushkin,D (2571)
-Vouldis,A (2539)/Kallithea 2003/CBM 095 ext (42)}) 15... Bh8 (15... Bd4+ 16.
Be3 Bg7 17. Rfc1 b6 18. Rab1 f5 19. b4 h4 20. Nh1 Ndf8 21. a5 b5 22. bxc5 dxc5
23. d6 Qxa5 24. Bxc5 $16 {1-0 Thaler,T (2506)-Butze,R (2457)/ICCF 1999/CBM 114
(41)}) 16. Rac1 (16. Be3 f5 17. Rad1 h4 18. Nh1 Bxc3 19. bxc3 fxe4 20. f4 Ndf6
21. h3 Bd7 22. f5 Bxf5 23. Qe1 $44 {1-0 Svetushkin,D (2491)-Dochev,D (2391)/
Kavala 2002/CBM 089 ext (33)}) (16. Nh1 $5 Ne5 17. Nf2 Qe7 18. Be3 f5 19. Rae1
Qf8 20. Kh1 Bd7 21. exf5 gxf5 22. Nh3 Nf6 23. Rb1 Re7 24. b4 $14 {0-1
Dragomarezkij,E (2490)-Kovalev,A (2440)/Minsk 1998/CBM 064 ext (53)}) 16... Qa5
(16... Rb8 17. Nh1 Qa5 18. Nf2 Ne5 19. Qc2 Bd7 20. Bd2 Qd8 21. Rb1 b5 22. b4 c4
23. Be3 Qe7 24. axb5 axb5 25. Ra1 Ra8 26. Rfb1 Qf6 27. Bd2 g5 28. Ra5 Rab8 29.
Rba1 $14 {1-0 Haika,G (2339)-Mikrut,D/ICCF Email 2002/ICCF Telechess CBM 103 
(40)}) 17. Nh1 c4 $6 (17... Ne5 $5 18. Nf2 f5 {A.Dreev}) 18. Ra1 Nc5 (18... Qb4
$5) 19. Bxc4 Qb4 20. Qe2 g5 21. h4 gxh4 22. Bd2 Qb6 23. Nf2 Bd4 24. a5 Qd8 25.
Be3 $16 {1-0 Dreev,A (2679)-Kotronias,V (2536)/Las Vegas 1999/CBM 072 (58)}) ({
Other options:} 13... Nh7 14. Bh6 h4 (14... Rb8 15. Bxg7 Kxg7 16. O-O Kg8 17.
Qh6 Qd8 18. Nh1 c4 $6 19. Bxc4 Ne5 20. Be2 Qb6+ 21. Nf2 Qxb2 22. Qe3 Qb4 23.
Bxa6 $1 $18 {1-0 Gallagher,J (2514)-Balogh,T (2421)/Charleville 2000/CBM 079
ext (29)}) 15. Bxg7 (15. Nf1 Ndf6 16. Bxg7 Kxg7 17. Ne3 Bd7 18. a5 Rae8 19. Nc4
Bb5 20. Nxb5 axb5 21. Nb6 b4 22. O-O h3 23. g3 Qe7 24. Bb5 Rd8 25. Rfe1 Rfe8
26. Bxe8 {1-0 Linna,A (2505)-Scuderi,A (2336)/ICCF 1999/CBM 114}) 15... Kxg7
16. Nf1 Qd8 17. Ne3 f5 18. exf5 gxf5 19. f4 Ndf6 20. O-O Bd7 21. Nc4 Ne8 22. a5
Rb8 23. Nb6 Nc7 24. b4 cxb4 25. Qd4+ Nf6 26. Qxb4 $16 {1-0 Iljushin,A (2520)
-Marholev,D (2402)/Figueres 2007/CBM 120 ext (48)}) (13... c4 $5 {deserves
serious attention:} 14. Bh6 (14. O-O $142 Rb8 {- game}) 14... Rb8 15. Bxg7 Kxg7
16. O-O h4 17. Nh1 b5 18. axb5 axb5 19. Nf2 Nc5 20. Qg5 b4 21. Na2 Nb3 22. Rad1
c3 23. bxc3 bxc3 24. Rd3 c2 25. Qe3 Qb6 $17 {0-1 Quinteros,M (2510)-Moreno
Carnero,J (2370)/Villa Ballester 1997/EXT 1998 (57)}) 14. O-O c4 15. Be3 (15.
f4 $6 Nh7 16. Bh4 b5 17. axb5 axb5 18. e5 dxe5 19. f5 Qb6+ 20. Kh1 Qd4 $17 {
0-1 Campos Moreno,J (2498)-Marholev,D (2407)/Binissalem 2004/EXT 2006 (36)}) (
15. Bh6 h4 16. Nh1 b5 17. axb5 axb5 18. Nf2 b4 19. Bxg7 Kxg7 20. Na4 Nc5 21.
Nxc5 Qxc5 {1/2 Christiansen,L (2590)-Fedorowicz,J (2555)/San Francisco 1991/
CBM 023}) (15. Rfc1 b5 16. axb5 axb5 17. b4 cxb3 $1 {[%csl Ra1,Rc1][%cal Yb3b2]
} 18. Be3 Nc5 19. Nxb5 Qb6 20. Rab1 Nfd7 21. Nf1 Ba6 22. Nd4 b2 23. Rc2 Nb3 24.
Nxb3 Qxb3 25. Bxa6 Qa2 26. Qd1 Qxa6 $17 {0-1 Salvador Marques,C (2375)
-Cutillas Ripoll,P (2457)/ICCF 2003/CBM 110 (48)}) (15. Rac1 b5 16. axb5 (16.
b4 $5 bxa4 17. Nxa4 Nb6 (17... Ne5 $5) 18. Nb2 Nfxd5 $2 19. exd5 c3 20. Nd1 Na4
21. Kh1 f5 22. Qf4 Re8 23. Bd3 Qb6 {1/2 Svetushkin,D (2530)-Shirazi,K (2399)/
Metz 2005/CBM 105 ext (32)} 24. Bc2 $18) 16... axb5 17. b4 Nh7 18. Be3 h4 19.
Nh1 f5 20. Nf2 (20. exf5 gxf5 21. Nf2 Ne5 22. Rfe1 Qf7 23. f4 (23. Nh3 Re8 24.
Nf4 Ng6) 23... Ng4 24. Bd4 Nxf2 25. Bxf2 h3 $132 {0-1 Bosch,J (2465)
-Stellwagen,D (2543)/Hilversum 2006/CBM 113 (41)}) 20... Qd8 21. f4 fxe4 22.
Nfxe4 Ndf6 23. Nf2 Bd7 24. Bf3 Ra8 25. Ra1 Nh5 26. Nfe4 Qe7 27. Rfe1 N7f6 $132
{1-0 Sachdev,T (2419)-Gomes,M (2325)/Chennai IND 2011/The Week in Chess 888 
(37)}) 15... h4 16. Nh1 h3 $146 (16... Nc5 17. Bxc4 Ncxe4 18. Nxe4 Nxe4 19.
fxe4 Qxc4 20. Nf2 Qc7 21. Ba7 Ra8 22. Bd4 Bxd4 23. Qxd4 Re8 24. Nd3 Qe7 25.
Rae1 Bd7 26. e5 $14 {1-0 Svetushkin,D (2569)-Markidis,K (2370)/Kavala 2006/CBM
113 ext (60)}) 17. Nf2 hxg2 18. Kxg2 Nh5 19. f4 Nhf6 {The position is very
complicated. White has a space advantage but his king is quite weak.} 20. Bf3 (
20. a5 $5) 20... Re8 (20... Nc5 $5) 21. a5 Qd8 $6 (21... b5 $142 22. axb6 Nxb6
23. Bd4 Nbd7 {[%cal Yd7c5]}) 22. Ne2 $6 (22. Na4 $1 $14 {[%csl Gb6] was a way
to exploit Black's inaccuracy.}) 22... Nh7 23. Ng3 b6 24. axb6 Nxb6 25. Bd4
Bxd4 26. Qxd4 Qf6 27. Ne2 Qxd4 28. Nxd4 Bb7 29. Ra3 Nf6 30. Nc6 Rbc8 31. Na5
Ba8 32. Nc6 {It was quite possible to play on by means of, say,} (32. Rc1 {
[%cal Yb2b3]}) {but GM V.Anand was apparently just looking for any excuse to
make a draw in nearly every game of the Tal Memorial.} 32... Bb7 33. Na5 Ba8
1/2-1/2

[Event "Moscow Tal Memorial 7th"]
[Site "Moscow"]
[Date "2012.06.18"]
[Round "9"]
[White "Tomashevsky, Evgeny"]
[Black "Grischuk, Alexander"]
[Result "1/2-1/2"]
[WhiteElo "2738"]
[BlackElo "2761"]
[Annotator "Krasenkow,M"]
[PlyCount "94"]
[EventDate "2012.06.08"]
[EventType "tourn"]
[EventRounds "9"]
[EventCountry "RUS"]
[EventCategory "22"]
[SourceTitle "CBM 149"]
[Source "ChessBase"]
[SourceDate "2012.07.17"]
[SourceVersion "1"]
[SourceVersionDate "2012.07.17"]
[SourceQuality "1"]

1. d4 Nf6 2. c4 g6 3. Nc3 Bg7 4. e4 d6 5. f3 O-O 6. Nge2 c5 7. d5 e6 8. Ng3
exd5 9. cxd5 Nbd7 10. Be2 h5 (10... a6 11. a4 h5 {is more popular but
refraining from ...a7-a6 makes some sense, too.}) 11. Bg5 (11. O-O Nh7 $5 (
11... a6 12. a4 {leads to the 10...a6 line}) 12. Nh1 Ne5 13. Nf2 f5 14. exf5
Bxf5 15. Be3 a6 16. Qd2 b5 17. Nce4 Nf7 18. Rae1 Nf6 19. Ng3 Bc8 $13 {0-1
Kortschnoj,V (2615)-Brunner,L (2460)/Switzerland 1991/EXT 1998 (42)}) 11... Qb6
(11... a6 12. Qd2 (12. a4 $142 {- 10...a6 11.a4}) 12... b5 13. a4 b4 14. Nd1
Qe8 (14... h4 $5 15. Nf1 h3) 15. O-O Nh7 16. Bh6 h4 17. Bxg7 Kxg7 18. Nh1 f5
19. exf5 gxf5 20. f4 Ndf6 21. Nhf2 Ra7 $132 {1-0 Dambacher,M (2463)-Pruijssers,
R (2408)/Netherlands 2007/EXT 2008 (40)}) (11... Qa5 $6 12. Qd2 a6 13. O-O b5
14. a4 b4 15. Nd1 {[%cal Yd1e3,Ye3c4]} c4 $5 16. Rc1 $1 c3 17. bxc3 b3 18. Nb2
Nc5 19. Nc4 Qc7 20. a5 $1 Rb8 21. Rb1 Bd7 22. Qf4 $14 {1/2 Spassky,B (2565)
-Polgar,J (2595)/Budapest 1993/CBM 033/[Ftacnik,L] (56)}) 12. Qb3 $146 {
[%mdl 8]} (12. Qd2 {is quite solid:} Nh7 13. Bh4 (13. Na4 $5 Qc7 14. Bh6 {
needs checking, e.g.} h4 15. Bxg7 Kxg7 16. Nf1 a6 17. Nc3 b5 18. Ne3 Nhf6 19.
O-O Rh8 20. Ncd1 Bb7 21. Rc1 Rae8 22. Re1 h3 23. g4 Qd8 24. Nf2 $14 {1-0
Andeer,S (2383)-Canibal,J (2411)/Rochade 5171-Jub15 bd10 2005/CBM 118 (63)})
13... g5 $1 (13... c4 14. Bxc4 Ne5 15. Be2 Bd7 16. f4 Ng4 17. Bxg4 hxg4 18.
Nge2 Nf6 19. Bf2 $14 {1/2 Gupta,A (2580)-Atabayev,M (2355)/Dubai 2011/CBM 141
Extra (41)}) 14. Bxg5 Nxg5 15. Nxh5 Nh7 16. Nxg7 Kxg7 17. g4 Qd8 18. h4 a6 19.
O-O-O b5 20. g5 $44 {1-0 Sandipan,C (2585)-Caspi,I (2417)/Zuerich 2009/CBM 131
Extra (49)}) 12... Qc7 13. O-O Nh7 14. Be3 a6 15. a4 h4 16. Nh1 f5 {A typical
undermining.} 17. exf5 gxf5 18. Bd2 (18. f4 {is the move White tries to avoid
as it weakens the light squares. Black gets a good position after} Ndf6 ({
but not} 18... Re8 19. Bf2 Bxc3 20. Bh5 $1)) (18. Rae1 $5) 18... f4 19. Nf2 Ne5
(19... Bd4 $5 20. Kh1 Ne5) 20. Nce4 Nf6 21. Nxf6+ (21. Ng5 $5) 21... Rxf6 22.
Ne4 Rf8 23. Kh1 Bd7 24. a5 Rae8 25. Rae1 Bc8 {Both sides have completed
development; what now?} 26. Ng5 $6 {Wrong! White should develop his initiative
on the queenside:} (26. Qb6 $1 Qxb6 27. axb6 Nf7 28. b4 $14) 26... Qe7 27. Ne6
$2 {[%mdl 8192]} (27. Ne4 $142) 27... Bxe6 28. dxe6 d5 $1 $17 {White missed
this move, and now Black's central pawns become extremely dangerous.} 29. Bc3
c4 (29... Qxe6 $5 30. Qxb7 d4 31. Bd2 c4) 30. Qb6 (30. Qd1 $142 Rd8 $1 $17 (
30... Qxe6 $143 31. b3)) 30... Qxe6 (30... Rf6 $1 {[%cal Rf6e6] was even
stronger} 31. Qd4 $140 Rg6 $1 32. Qxd5 $2 (32. Qxf4 $142 Rxe6 $17) 32... Qg5
33. e7+ Kh7 34. Rf2 Nd3 $1) 31. Qxb7 Rf7 32. Qb4 Qc6 33. Bd4 (33. Bd1 $142 Nd3
34. Rxe8+ Qxe8 35. Qb6) 33... Nd7 34. Bxg7 Rxg7 35. Bd1 Re3 $1 36. Bc2 (36. Ba4
Qc7 37. Rd1 Nf6 $17) 36... Qc5 $1 37. Qb7 (37. Qxc5 Nxc5 38. Rd1 Re5 {[%cal
Yg7b7]}) 37... Nf8 38. Qb6 (38. Qxa6 $2 Rxe1 39. Rxe1 Qf2) (38. Qa8 Qxa5) 38...
Qxb6 39. axb6 Rb7 40. Rd1 Re5 $2 {[%mdl 16384] A grave error letting most of
Black's advantage slip.} (40... Re2 41. Bf5 (41. Bb1 Rxb6 42. Rxd5 Rbxb2 43.
Rg5+ Kf7 {[%cal Yc4c3,Yc3c2]}) 41... Re5 $1 {wins a pawn while retaining all
the merits of Black's position}) (40... Rxb6 41. Rxd5 Rxb2 42. Bf5 c3 {was
also stronger than the text move.}) 41. b3 $1 {White now gets rid of his weak
pawn and reduces material.} Re2 42. Rc1 Rxb6 43. bxc4 h3 $5 ({Black can hardly
win after} 43... dxc4 44. Be4 (44. Bf5 Rb4) (44. Bd1 $6 Rd2 45. Rxc4 Rb1 46.
Rc1 $1 Rbb2 47. Rg1 Ne6) 44... Rbb2 45. Rg1 {, too.}) 44. Rfe1 (44. gxh3 {
must be enough to save the game, too, e.g.} Rb2 45. Rg1+ Kf7 46. Rg2 Rxg2 47.
Kxg2 d4 48. Kf1 Ne6 49. c5 $1 Nxc5 50. Bg6+ Kxg6 51. Rxc5 $11 {_|_}) 44...
hxg2+ {This capture saves White an important tempo (g2xh3); Black could have
posed some problems to his opponent after} (44... Rxe1+ 45. Rxe1 dxc4 46. gxh3
c3 {etc.}) 45. Kg1 Rxe1+ 46. Rxe1 Rc6 (46... dxc4 47. Re4) 47. Kxg2 Rxc4 (47...
dxc4 48. Re4 Ng6 49. Kh3 $132) (47... Rxc4 48. Bb3 Rc5 49. Rd1 $11) 1/2-1/2

[Event "EU-Cup 23rd"]
[Site "Kemer"]
[Date "2007.10.06"]
[Round "4.5"]
[White "Moiseenko, Alexander"]
[Black "Minasian, Artashes"]
[Result "1/2-1/2"]
[WhiteElo "2646"]
[BlackElo "2571"]
[Annotator "Krasenkow,M"]
[PlyCount "183"]
[EventDate "2007.10.03"]
[EventType "team-swiss"]
[EventRounds "7"]
[EventCountry "TUR"]
[SourceTitle "CBM 121"]
[Source "ChessBase"]
[SourceDate "2007.11.14"]
[SourceVersion "1"]
[SourceVersionDate "2007.11.14"]
[SourceQuality "1"]
[WhiteTeam "Ashdod"]
[BlackTeam "Yerevan"]
[WhiteTeamCountry "ISR"]
[BlackTeamCountry "ARM"]

1. d4 Nf6 2. c4 c5 3. d5 g6 4. Nc3 d6 5. e4 Bg7 6. Nf3 O-O 7. h3 e6 8. Bd3 Na6
9. Bg5 {This move is more accurate than} (9. O-O e5) 9... exd5 (9... e5 {
now allows White to start a kingside attack with} 10. g4) 10. cxd5 Bd7 {
Or else:} (10... Rb8 11. O-O (11. a4 Nb4 12. Bb1 a6 13. Qd2 Re8 14. O-O Qc7 15.
Rc1 Nd7 16. Nd1 Qa5 17. Ne3 b5 18. Ng4 f6 19. Bh6 Ne5 20. Nfxe5 fxe5 21. Bxg7
Bxg4 22. Bf6 Bc8 23. Qh6 Qc7 24. g4 $16 {0-1 Pelletier,Y-Teodoro,E/Duisburg
1992/TD (38)}) 11... Nc7 12. a4 a6 13. Rb1 h6 (13... b5 14. axb5 axb5 15. b4 h6
16. Bd2 c4 17. Bc2 Bd7 18. Ne2 Re8 19. Ng3 h5 20. Bg5 Qc8 21. Re1 Rb6 22. Qd2
Ra6 23. Be3 Ra2 24. Bd4 $16 {1-0 Grinshpun,E-Henderson,J/Tel Aviv 1994/EXT
1997 (33)}) 14. Be3 b5 15. b4 cxb4 16. Rxb4 a5 17. Rxb5 Nxb5 18. Nxb5 Re8 19.
Qc2 Qe7 20. Re1 Bd7 21. Bf4 Bxb5 22. Bxb5 Rec8 23. Qd3 Nd7 24. Nd4 Ne5 25. Bxe5
Bxe5 26. Nc6 Qh4 27. Nxb8 Rxb8 28. Qc2 $16 {1-0 Poluljahov,A-Markarov,A/St
Petersburg 2001/EXT 2002 (56)}) (10... Nc7 11. a4 (11. Qd2 b5 12. Nxb5 Nxb5 13.
Bxb5 Qb6 14. Bxf6 Bxf6 15. a4 Ba6 16. Bxa6 Qxa6 17. Qe2 Qxe2+ 18. Kxe2 Rab8 19.
Ra2 Bxb2 20. Rb1 Bf6 21. Rxb8 Rxb8 22. Nd2 Rb4 $132 {1-0 Khenkin,
I-Chatalbashev,B/Cappelle la Grande 1992/EXT 1997 (79)}) 11... Re8 12. O-O h6
13. Be3 Qe7 (13... Nh7 14. Qd2 g5 15. Nh2 Qe7 16. Rae1 Rb8 17. f4 $36 {1-0
Lazarev,V-Cornelisse,J/Soest 1996/EXT 1998 (25)}) (13... Nd7 14. Bf4 Qe7 15.
Qd2 Qf8 16. Rfe1 a6 17. Rac1 b6 18. Nd1 Rb8 19. b4 Rb7 20. b5 axb5 21. axb5 $16
{1-0 Llanos,G-Lafuente,P/Buenos Aires 1998/EXT 2005 (33)}) 14. Qd2 Kh7 15. Rfe1
Nd7 16. a5 b5 17. axb6 Nxb6 18. Bf4 Nd7 19. Bc2 Bb7 $14 20. e5 $6 Nxe5 21. Nxe5
dxe5 22. d6 Qf8 23. dxc7 exf4 24. Qd7 f3 $132 {1/2-1/2 Lukanov/Stefanov,
T-Kersic,M/ICCF 1999/ICCF Telechess CBM 112 (31)}) (10... h6 11. Bf4 $1 Re8 12.
O-O c4 13. Bc2 Nh5 14. Bh2 Qb6 15. Ba4 Rd8 16. Rb1 Nb4 17. Nd2 Qc5 18. g4 Nd3
$5 19. gxh5 Bxh3 20. Nxc4 $1 Bxf1 21. Qxf1 $16 {1-0 Nalbandian,T-Minasian,A/
Yerevan ARM 2007/The Week in Chess 637 (49)}) (10... Nb4 $5 11. Bb1 Rb8 12. O-O
Re8 13. a3 Na6 {needs testing. However, the whole system is very difficult for
Black. The text move doesn't solve his problems either.}) 11. O-O Nc7 12. a4 a6
13. a5 Bb5 14. Qd2 Rb8 15. Rfe1 Bxd3 16. Qxd3 h6 17. Bh4 $146 (17. Bf4 Rc8 $6 (
17... b5 $142 18. axb6 Rxb6) 18. Nd2 Nh5 19. Bh2 Bd4 20. g4 Ng7 21. Nf3 Qf6 22.
Nxd4 cxd4 23. e5 dxe5 24. Bxe5 Qg5 25. Qxd4 Nf5 26. Qd3 Nh4 27. Qg3 f5 28. f4
Qd8 29. d6 Ne6 30. Nd5 Rc2 31. Ne7+ {1-0 Varga,P-Fabisch,C/Budapest 1995/EXT
1998}) 17... Re8 (17... b5 18. axb6 Rxb6 19. e5 dxe5 20. Nxe5 Re8 (20... g5 21.
Bg3 Ncxd5 22. Rad1 Rd6 23. Nxf7 $1 $18) 21. Nc4 $16) 18. Nd2 b5 19. axb6 Rxb6
20. Nc4 Rb4 21. Bg3 (21. f4 $5) 21... Bf8 22. Bh2 (22. e5 $1 dxe5 23. Rxe5 $16
{[%csl Ra6][%cal Rd5d6] was more energetic.}) 22... Qd7 23. e5 dxe5 24. Nxe5
Qf5 25. Qxf5 gxf5 26. Nc6 Rb7 27. Na5 Ra7 28. Nc6 Rb7 29. Na5 Ra7 30. Bxc7 (30.
Rxe8 $5 Ncxe8 31. Nc4 Rb7 32. Ra3 Rb4 33. b3 $16 {[%csl Ra6,Gc4,Gd5,Re8,Rf5,
Rf7]}) 30... Rxc7 (30... Rxe1+ 31. Rxe1 Rxc7 32. Re5 $16) 31. Rxe8 Nxe8 32. Nc4
Ra7 33. Kf1 Kg7 34. Ra5 Nd6 35. Nxd6 $6 {White goes for a rook endgame, which
he eventually doesn't manage to win.} (35. Rxc5 $142 Nxc4 36. Rxc4 Rb7 37. Nd1
{[%cal Yd1e3]}) 35... Bxd6 36. Nb5 Rd7 37. Nxd6 Rxd6 {[%mdl 4096]} 38. Rxc5 Rb6
(38... Kf6 $5) 39. Rc2 Rd6 40. Rc5 Rb6 41. Rc2 (41. Rc6 Rxb2 42. Rxa6 {hardly
gave White more chances after} Rd2 43. Rd6 h5 44. Ke1 Rd4 45. Ke2 f4) 41... Rd6
42. Rc6 Rxd5 43. Rxa6 Rd2 (43... Rb5 {was not enough for a draw:} 44. Ra2 f4
45. Ke2 Rb7 (45... Kf6 46. Kd3 Rg5 47. b4 Rxg2 48. b5) 46. Kd3 Rb8 47. Kc2 Rc8+
48. Kb1 {freeing the rook.}) 44. Rb6 f4 $1 {In such endgames White has two
plans:  1) to move his king to the queenside. Black captures some of White's
kingside pawns, moves his own king and pawns as far as possible, eventually 
(when forced) gives up his rook for the white passed pawn. In the resulting "R
vs ps" endgame everything depends on the fact whether the white king will
return to the kingside in time or not. To prepare for the race, Black must
push his king and pawns as far as possible.in advance;  2) to push his rook to
b8 and pawn to b7 (thus tying up the black rook) and then attack Black's
kingside pawns with his king. In such case Black's advanced king and pawns can
be a disadvantage. Therefore Black should consider his plan and particular
moves very accurately.} 45. b4 Rb2 46. b5 h5 47. Ke1 (47. f3 $5 {needs a
detailed analysis.}) 47... h4 48. Kf1 f3 $1 {Black finds a good defensive idea.
} 49. gxf3 Rb1+ 50. Ke2 Rb3 51. Rb7 Kg6 52. b6 Kf6 53. Rb8 Kf5 54. Rh8 (54. b7
Kf4 $1) 54... Kg5 55. Rg8+ Kf5 56. Rg4 Rxb6 57. Rxh4 {and White can't win due
to his doubled pawns:} Rb1 58. Rg4 Rh1 59. h4 f6 60. Ra4 Kg6 61. Ke3 Rh3 62.
Rg4+ Kf5 63. Rf4+ Ke5 64. Ra4 f5 65. Ra5+ Kf6 66. Ra6+ Kg7 67. Kf4 Rxh4+ 68.
Kxf5 Rh5+ 69. Kg4 Rb5 70. f4 Kf7 71. f5 Rb1 72. f3 Rg1+ 73. Kf4 Rb1 74. Re6 Ra1
75. Rh6 Rb1 76. Ra6 Rc1 77. Rb6 Ra1 78. Rd6 Rb1 79. Rd2 Kf6 80. Re2 Ra1 81. Re4
Rb1 82. Re6+ Kf7 83. Ra6 Rc1 84. f6 Rc4+ 85. Kg5 Rc5+ 86. Kg4 Rb5 87. f4 Rc5
88. Rd6 Ra5 89. Kf3 Ra4 90. Kg4 Ra5 91. f5 Ra1 92. Rd3 1/2-1/2